Neidio i'r cynnwys

Wotan's Abschied von Brunnhilde u. Feuerzauber aus dem Musik-Drama "Die Walkure" v. R. Wagner

Перешедшие в общественное достояние материалы электронного фонда ЦГПБ им. В.В. Маяковского. Сведения о издательстве или типографии: B. Schott's Sohne. Место издания: Майнц...

Disgrifiad llawn

Wedi'i Gadw mewn:
Manylion Llyfryddiaeth
Prif Awdur: Вагнер Р.
Fformat: Книга
Iaith:Russian
Cyhoeddwyd: Санкт-Петербург ЦГПБ им. В.В. Маяковского 2015
Pynciau:
Mynediad Ar-lein:http://e.lanbook.com/books/element.php?pl1_id=67775
https://e.lanbook.com/img/cover/book/67775.jpg
Tagiau: Ychwanegu Tag
Dim Tagiau, Byddwch y cyntaf i dagio'r cofnod hwn!
LEADER 01282nam0a2200241 i 4500
001 67775
003 RuSpLAN
005 20221220173942.0
008 221220s2015 ru gs 000 0 rus
040 |a RuSpLAN 
041 0 |a rus 
044 |a ru 
245 0 0 |a Wotan's Abschied von Brunnhilde u. Feuerzauber aus dem Musik-Drama "Die Walkure" v. R. Wagner  |c Вагнер Р. 
260 |a Санкт-Петербург  |b ЦГПБ им. В.В. Маяковского  |c 2015 
300 |a 67 с. 
504 |a Библиогр.: доступна в карточке книги, на сайте ЭБС Лань 
520 8 |a Перешедшие в общественное достояние материалы электронного фонда ЦГПБ им. В.В. Маяковского. Сведения о издательстве или типографии: B. Schott's Sohne. Место издания: Майнц 
521 8 |a Книга из коллекции ЦГПБ им. В.В. Маяковского - Музыка и театр 
653 0 |a музыка и театр 
100 1 |a Вагнер Р. 
856 4 |u http://e.lanbook.com/books/element.php?pl1_id=67775 
856 4 8 |u https://e.lanbook.com/img/cover/book/67775.jpg 
953 |a https://e.lanbook.com/img/cover/book/67775.jpg